[Event "Kieler Open 2021"]
[Site "Kiel"]
[Date "2021.07.26"]
[Round "5.9"]
[White "Dittmann, Hans-Adolf"]
[Black "Peglau, Dora"]
[Result "1/2-1/2"]
[WhiteElo "2083"]
[BlackElo "1906"]
[Annotator "MB"]
[PlyCount "105"]
[EventDate "2021.??.??"]

1. e4 c6 2. d4 d5 3. Nc3 dxe4 4. Nxe4 Nf6 5. Nxf6+ exf6 6. Nf3 Bd6 7. Be2 O-O
8. O-O Bf5 9. c4 Re8 10. Be3 Nd7 11. c5 Be7 12. b4 a6 13. a4 Nf8 14. Qb3 Ne6
15. Bc4 Bf8 16. Rac1 Qc7 17. h3 Rad8 18. d5 cxd5 19. Bxd5 Qb8 20. Nh4 Bg6 21.
Nxg6 hxg6 22. g3 Re7 23. Rcd1 Nc7 24. Bf4 g5 25. Bxc7 Qxc7 26. b5 axb5 27. axb5
Rb8 28. Qc4 Re5 29. c6 bxc6 30. bxc6 Rb2 31. Rb1 Ree2 32. Rxb2 Rxb2 33. Qc3 Rb5
34. Bg2 Bd6 35. Rd1 Rb8 36. Qd3 Rd8 37. Rb1 Be5 38. Qc2 Rb8 39. Rd1 Rd8 40. Bd5
Rb8 41. Qf5 Rb2 42. Be4 g6 43. Qf3 f5 44. Rd7 Qa5 45. Bxf5 Bxg3 46. Qxg3 Qxf5
47. Rd8+ Kh7 48. c7 Rb1+ 49. Kg2 Rc1 50. Rd4 Qb1 51. Qe5 Qb7+ 52. Qd5 Qxd5+ 53.
Rxd5 1/2-1/2

[Event "Kieler Open 2021"]
[Site "Kiel"]
[Date "2021.07.26"]
[Round "5.10"]
[White "Callsen, Niklas"]
[Black "Karheily, Somar"]
[Result "1-0"]
[WhiteElo "2072"]
[BlackElo "1725"]
[Annotator "MB"]
[PlyCount "89"]
[EventDate "2021.??.??"]

1. e4 c5 2. Nf3 d6 3. d4 cxd4 4. Nxd4 Nf6 5. Nc3 a6 6. h3 e5 7. Nde2 b5 8. g4
Bb7 9. Bg2 b4 10. Nd5 Nxd5 11. exd5 Be7 12. a3 bxa3 13. Rxa3 Nd7 14. Be3 Bg5
15. Qd2 Bxe3 16. Qxe3 a5 17. Nd4 Nb6 18. Nc6 Bxc6 19. dxc6 Nc4 20. Qc3 d5 21.
Ra1 O-O 22. b3 Nb6 23. Rxa5 Qc7 24. Rxa8 Rxa8 25. b4 e4 26. b5 Nc4 27. O-O Rb8
28. Bxe4 Rxb5 29. Bxd5 Rxd5 30. Qxc4 Rd8 31. Rb1 Qe5 32. Rb7 h5 33. Qxf7+ Kh8
34. Qxh5+ Qxh5 35. gxh5 Kh7 36. Rd7 Rc8 37. c7 Kh6 38. Kg2 g6 39. hxg6 Kxg6 40.
Kg3 Kf6 41. h4 Kf5 42. f4 Rg8+ 43. Kf3 Rc8 44. h5 Ke6 45. Rg7 1-0

[Event "Kieler Open 2021"]
[Site "Kiel"]
[Date "2021.07.26"]
[Round "5.11"]
[White "Blietschau, Volker"]
[Black "Peglau, Sarah"]
[Result "1-0"]
[WhiteElo "2010"]
[BlackElo "1888"]
[Annotator "MB"]
[PlyCount "113"]
[EventDate "2021.??.??"]

1. e4 c6 2. Nc3 d5 3. g3 dxe4 4. Nxe4 e5 5. d3 f5 6. Nc3 Nf6 7. Bg2 Be6 8. Qe2
Nbd7 9. f4 Qc7 10. Nf3 Bd6 11. fxe5 Bxe5 12. d4 Bxg3+ 13. hxg3 Qxg3+ 14. Kf1
Nf8 15. Qe5 Qg6 16. Bf4 Ng4 17. Qc7 Bc4+ 18. Kg1 Ne6 19. Nh4 Qf6 20. Bxc6+ Kf8
21. Qd6+ Kg8 22. Bd7 Nxf4 23. Qxf4 g5 24. Qd2 gxh4 25. b3 Ba6 26. Nd5 Qg7 27.
Be6+ Kf8 28. c4 Ne3+ 29. Kf2 Qg3+ 30. Ke2 Nxd5 31. Qh6+ Ke7 32. Bxd5 Qg4+ 33.
Kd2 Qxd4+ 34. Kc2 Qf2+ 35. Kc3 Qg3+ 36. Kb2 Qe5+ 37. Kc2 Qe2+ 38. Kc3 Qe5+ 39.
Kb4 Qd6+ 40. Qxd6+ Kxd6 41. Rxh4 Rae8 42. Rh6+ Kc7 43. Ka5 Re7 44. b4 Re5 45.
b5 Bxb5 46. Kxb5 f4 47. Rf6 h5 48. Rxf4 Rh7 49. Raf1 Kd6 50. Rf6+ Ke7 51. Rf7+
Rxf7 52. Rxf7+ Kd8 53. Rxb7 h4 54. Rh7 Re2 55. a4 Rh2 56. Kc6 h3 57. Kd6 1-0

[Event "Kieler Open 2021"]
[Site "Kiel"]
[Date "2021.07.26"]
[Round "5.12"]
[White "Bräutigam, Katerina"]
[Black "Helms, Finn"]
[Result "0-1"]
[WhiteElo "1738"]
[BlackElo "1972"]
[Annotator "MB"]
[PlyCount "66"]
[EventDate "2021.??.??"]

1. e4 c6 2. d4 d5 3. exd5 cxd5 4. Bd3 g6 5. c3 Bf5 6. Bf4 Nc6 7. Nf3 Nf6 8. Qc2
e6 9. Nbd2 Bd6 10. Bg3 Bxg3 11. hxg3 Rc8 12. Bxf5 gxf5 13. Qd3 Ne4 14. Qe3 Qb6
15. Rb1 Rc7 16. Qh6 Rc8 17. Nxe4 dxe4 18. Qg7 Ke7 19. Ng5 Rcf8 20. Rxh7 Rhg8
21. Qh6 Nd8 22. g4 Qb5 23. Qh4 Kd7 24. d5 Kc8 25. dxe6 fxe6 26. Qh6 Qe5 27. Nh3
fxg4 28. Ng1 Qf5 29. Qh4 e3 30. f4 Qxb1+ 31. Ke2 Qxg1 32. Qe7 Qxg2+ 33. Kd3 Qc6
0-1

[Event "Kieler Open 2021"]
[Site "Kiel"]
[Date "2021.07.26"]
[Round "5.13"]
[White "Hentrop, Malte"]
[Black "Steffens, Olaf"]
[Result "1-0"]
[WhiteElo "1805"]
[BlackElo "2145"]
[Annotator "MB"]
[PlyCount "101"]
[EventDate "2021.??.??"]

1. d4 g6 2. c4 Bg7 3. Nf3 d6 4. Nc3 Bg4 5. e3 c5 6. h3 Bxf3 7. Qxf3 cxd4 8.
exd4 Nc6 9. d5 Ne5 10. Qd1 Nf6 11. Be2 O-O 12. O-O a6 13. Qb3 Qc7 14. Be3 Ned7
15. Rab1 Ne8 16. Na4 Nc5 17. Nxc5 dxc5 18. Qa3 Nd6 19. Qxc5 Qd7 20. Rfc1 f5 21.
Qa3 f4 22. Bb6 Qf5 23. c5 Ne4 24. Qd3 Ng5 25. Qxf5 Rxf5 26. Bg4 Rxd5 27. h4 h5
28. Be2 Re5 29. Bc4+ Nf7 30. Rd1 Kf8 31. Rd7 Bf6 32. g3 fxg3 33. fxg3 Ke8 34.
Rxb7 Nd8 35. Ra7 Rxa7 36. Bxa7 Nc6 37. Bb6 Re3 38. Bc7 Bd4 39. Kg2 e5 40. Bxa6
Ne7 41. Bb5+ Kf7 42. c6 Nf5 43. Ba5 Rxg3+ 44. Kh2 e4 45. Bc4+ Ke7 46. c7 Be5
47. c8=Q Rc3+ 48. Kg2 Rxc4 49. Bd8+ Kf8 50. Bc7+ Kf7 51. Qd7+ 1-0

[Event "Kieler Open 2021"]
[Site "Kiel"]
[Date "2021.07.26"]
[Round "5.14"]
[White "Nittel, Christian"]
[Black "Quiring, Nikolai"]
[Result "1/2-1/2"]
[WhiteElo "1795"]
[BlackElo "2005"]
[Annotator "MB"]
[PlyCount "84"]
[EventDate "2021.??.??"]

1. d4 e6 2. Nf3 b6 3. e3 Bb7 4. Bd3 f5 5. O-O Nf6 6. b3 Be7 7. Bb2 O-O 8. Nbd2
a5 9. a3 Qe8 10. Qe2 Qg6 11. Ne1 Ne4 12. f4 Nxd2 13. Qxd2 d6 14. Nf3 Nd7 15.
Qe2 Nf6 16. Rac1 Qh6 17. c4 Ne4 18. Nd2 Nxd2 19. Qxd2 Rf6 20. Be2 Rg6 21. Bf3
c6 22. Bc3 d5 23. Bb2 Ba6 24. Rfd1 a4 25. cxd5 exd5 26. b4 Qh3 27. Kh1 Qh4 28.
Rxc6 Rd8 29. Rxg6 hxg6 30. Qc2 Bc4 31. Qxa4 Qf2 32. Bc1 Kf7 33. Qc6 Rd6 34. Qc8
Bb3 35. Rg1 Rd8 36. Qc6 Qa2 37. Qc3 Bh4 38. Bb2 Bc4 39. Ra1 Qb3 40. Qxb3 Bxb3
41. g3 Bf6 42. Kg2 g5 1/2-1/2

[Event "Kieler Open 2021"]
[Site "Kiel"]
[Date "2021.07.26"]
[Round "5.15"]
[White "Schiller, Thomas"]
[Black "Gut, Lionel"]
[Result "0-1"]
[WhiteElo "1956"]
[BlackElo "1767"]
[Annotator "MB"]
[PlyCount "54"]
[EventDate "2021.??.??"]

1. e4 c5 2. b4 cxb4 3. Bb2 e6 4. d4 Be7 5. Nf3 Nf6 6. Bd3 O-O 7. O-O b6 8. Qe2
Bb7 9. Nbd2 d5 10. e5 Nfd7 11. Ne1 Qc8 12. f4 Ba6 13. Bxh7+ Kxh7 14. Qh5+ Kg8
15. Rf3 Be2 16. a3 Re8 17. Kf2 Bxf3 18. Ndxf3 Nf8 19. axb4 Ng6 20. Ng5 Bxg5 21.
fxg5 Nc6 22. Ra3 Nxb4 23. Rh3 Nxc2 24. Rc3 Qa6 25. Rh3 Qa2 26. Qh7+ Kf8 27. Rf3
Qxb2 0-1

[Event "Kieler Open 2021"]
[Site "Kiel"]
[Date "2021.07.26"]
[Round "5.16"]
[White "Peglau, Mirjam"]
[Black "Tatliak, Stefan"]
[Result "1-0"]
[WhiteElo "1906"]
[BlackElo "1700"]
[Annotator "MB"]
[PlyCount "99"]
[EventDate "2021.??.??"]

1. Nf3 d5 2. d4 Nf6 3. Bf4 Nbd7 4. e3 e6 5. Nbd2 Be7 6. Bd3 O-O 7. O-O Re8 8.
Rc1 Nf8 9. c4 c6 10. Ne5 dxc4 11. Ndxc4 Nd5 12. Bg3 f6 13. Nf3 Bd7 14. Qb3 b5
15. Nd6 Bxd6 16. Bxd6 a5 17. a3 Rc8 18. Qc2 Ne7 19. e4 Neg6 20. e5 f5 21. Qd2
Nh4 22. Ne1 c5 23. dxc5 Bc6 24. g3 Nhg6 25. f4 h6 26. Nf3 h5 27. Nd4 Nd7 28.
Nxc6 Rxc6 29. Bxb5 Qc8 30. Bxc6 Qxc6 31. Qg2 Qa4 32. c6 Nb6 33. c7 Nc8 34. Rfd1
Qb3 35. Qc2 Qe3+ 36. Qf2 Qb3 37. Bc5 Kf7 38. Rd7+ Nge7 39. Bxe7 Rxe7 40. Rxe7+
Nxe7 41. c8=R Nxc8 42. Rxc8 Qd1+ 43. Kg2 h4 44. Rc3 g5 45. gxh4 Qd5+ 46. Kh3
Qd8 47. Kg2 Qd5+ 48. Kg3 Qd1 49. h3 gxf4+ 50. Kxf4 1-0

[Event "Kieler Open 2021"]
[Site "Kiel"]
[Date "2021.07.26"]
[Round "5.17"]
[White "Schmieder, Kerstin"]
[Black "Lu, Siyuan"]
[Result "0-1"]
[WhiteElo "1658"]
[BlackElo "1876"]
[Annotator "MB"]
[PlyCount "72"]
[EventDate "2021.??.??"]

1. d4 Nf6 2. Nc3 g6 3. e4 d6 4. Nf3 Bg7 5. Bc4 O-O 6. O-O Bg4 7. h3 Bxf3 8.
Qxf3 Nc6 9. Be3 e5 10. d5 Ne7 11. Rad1 Nd7 12. Bg5 h6 13. Bxe7 Qxe7 14. Qg3 Kh7
15. Bd3 f5 16. f3 f4 17. Qf2 g5 18. Nb5 Nc5 19. Be2 a6 20. Na3 h5 21. b4 Nd7
22. Nc4 Bf6 23. Qe1 Rg8 24. Qc3 g4 25. fxg4 Bh4 26. Rd3 Nf6 27. Nd2 hxg4 28.
hxg4 Bg3 29. Rxg3 fxg3 30. Qf3 Nd7 31. Qf5+ Rg6 32. Qh5+ Kg7 33. Rf5 Rh8 34.
Rf7+ Qxf7 35. Qf5 Qxf5 36. gxf5 Rgh6 0-1

[Event "Kieler Open 2021"]
[Site "Kiel"]
[Date "2021.07.26"]
[Round "5.18"]
[White "Malinowsky, Levi"]
[Black "Olde, Henning"]
[Result "1-0"]
[WhiteElo "1593"]
[BlackElo "1832"]
[Annotator "MB"]
[PlyCount "57"]
[EventDate "2021.??.??"]

1. e4 c5 2. d3 Nc6 3. f4 d6 4. Be2 e5 5. Nf3 Nd4 6. O-O Be7 7. c3 Nxe2+ 8. Qxe2
Bg4 9. Nbd2 Qc7 10. h3 Bd7 11. Nc4 Nf6 12. fxe5 Nh5 13. Qf2 dxe5 14. Nfxe5 f6
15. Nxd7 Qxd7 16. Qf3 g6 17. Bh6 Bf8 18. Bxf8 Rxf8 19. e5 O-O-O 20. Qe3 Qe7 21.
d4 b5 22. Na5 Qc7 23. Nb3 fxe5 24. Nxc5 Rfe8 25. Qf3 Nf4 26. Qg4+ Rd7 27. Nxd7
Qxd7 28. Qxd7+ Kxd7 29. dxe5 1-0

[Event "Kieler Open 2021"]
[Site "Kiel"]
[Date "2021.07.26"]
[Round "5.19"]
[White "Peglau, Charis"]
[Black "Wartenberg, Alissa"]
[Result "1/2-1/2"]
[WhiteElo "1827"]
[BlackElo "1562"]
[Annotator "MB"]
[PlyCount "78"]
[EventDate "2021.??.??"]

1. d4 d5 2. c4 c6 3. Nc3 Nf6 4. Nf3 e6 5. e3 Nbd7 6. Bd2 Be7 7. Rc1 O-O 8. Bd3
dxc4 9. Bxc4 b5 10. Bd3 Bb7 11. O-O a6 12. Ne4 c5 13. Nxf6+ Nxf6 14. Be2 Rc8
15. dxc5 Bxc5 16. Bc3 Qe7 17. Bd4 Rfd8 18. Qb3 Bd5 19. Bxc5 Rxc5 20. Qa3 Rdc8
21. Rxc5 Qxc5 22. Qxa6 b4 23. Rd1 h6 24. a4 bxa3 25. Qxa3 Qb6 26. b4 Ne4 27.
Nd4 Ra8 28. Qd3 Qxb4 29. Bf3 Nc5 30. Qf1 Bxf3 31. Nxf3 Ne4 32. Rb1 Qd6 33. Qc4
Nd2 34. Nxd2 Qxd2 35. h3 Rd8 36. Qf4 Qd5 37. Rc1 Qd6 38. Qf3 Qd5 39. Qf4 Qd6
1/2-1/2

[Event "Kieler Open 2021"]
[Site "Kiel"]
[Date "2021.07.26"]
[Round "5.20"]
[White "Ahrens, Gunnar"]
[Black "Kosanke, Stefan"]
[Result "0-1"]
[WhiteElo "1692"]
[BlackElo "2033"]
[Annotator "MB"]
[PlyCount "68"]
[EventDate "2021.??.??"]

1. Nf3 Nf6 2. b3 g6 3. Bb2 Bg7 4. e3 O-O 5. c4 c5 6. Be2 Nc6 7. d3 a6 8. Nbd2
d6 9. Rb1 e5 10. h3 h6 11. a3 Bf5 12. Nh4 Be6 13. Nhf3 Qd7 14. e4 Nh5 15. Nh4
Nf4 16. Rg1 Rae8 17. Nf1 Qd8 18. Nf3 f5 19. Ng3 fxe4 20. Nxe4 Nd4 21. Nxd4 exd4
22. Bc1 Nxe2 23. Qxe2 b5 24. Bd2 d5 25. cxd5 Bxd5 26. f3 Qa8 27. Kd1 Qc6 28.
Be1 Rf7 29. Bg3 c4 30. bxc4 bxc4 31. Qc2 c3 32. Re1 Rb7 33. Nf6+ Bxf6 34. Rxe8+
Qxe8 0-1

[Event "Kieler Open 2021"]
[Site "Kiel"]
[Date "2021.07.26"]
[Round "5.21"]
[White "Garbuszus, Jürgen"]
[Black "Weber, Andreas"]
[Result "1-0"]
[WhiteElo "2025"]
[BlackElo "1696"]
[Annotator "MB"]
[PlyCount "111"]
[EventDate "2021.??.??"]

1. d4 Nf6 2. c4 g6 3. Nc3 Bg7 4. e4 d6 5. f3 O-O 6. Bg5 c5 7. d5 h6 8. Be3 e6
9. Qd2 exd5 10. cxd5 a6 11. a4 Nh7 12. h4 h5 13. Bh6 Re8 14. Bxg7 Kxg7 15. g3
Nd7 16. Be2 Ne5 17. Nh3 f5 18. Nf4 Nf6 19. O-O Kh7 20. Rad1 b6 21. Ne6 Bxe6 22.
dxe6 Rxe6 23. exf5 gxf5 24. Qg5 Qg8 25. Qxf5+ Kh8 26. Ne4 Nxe4 27. Qxh5+ Qh7
28. Qxh7+ Kxh7 29. fxe4 Rg8 30. Kh2 Reg6 31. Rf5 Nc6 32. Rh5+ Kg7 33. Bxa6 Kf8
34. Rf5+ Ke7 35. Bc4 R8g7 36. Rg1 Nd4 37. Rf4 Nc6 38. g4 Rh6 39. g5 Rh8 40. Kh3
Ne5 41. Be2 Ng6 42. Rfg4 Rgh7 43. e5 Rxh4+ 44. Rxh4 Rxh4+ 45. Kg3 Rxa4 46.
exd6+ Kxd6 47. Rf1 Ne5 48. Rf6+ Kc7 49. g6 Nxg6 50. Rxg6 Rb4 51. Bf3 Rxb2 52.
Kf4 Rb4+ 53. Ke5 Rb3 54. Rg7+ Kd8 55. Kd6 Ke8 56. Rg8+ 1-0

[Event "Kieler Open 2021"]
[Site "Kiel"]
[Date "2021.07.26"]
[Round "5.23"]
[White "Diederichs, Karl"]
[Black "Heutling, Elina"]
[Result "0-1"]
[WhiteElo "1620"]
[BlackElo "1919"]
[Annotator "MB"]
[PlyCount "54"]
[EventDate "2021.??.??"]

1. d4 Nf6 2. Nf3 c5 3. e3 g6 4. Bd3 Nc6 5. c3 d5 6. Nbd2 Bg7 7. O-O O-O 8. Re1
Re8 9. Bc2 b6 10. e4 Bg4 11. h3 Bxf3 12. Nxf3 cxd4 13. exd5 Nxd5 14. Be4 f5 15.
Bxd5+ Qxd5 16. cxd4 Nxd4 17. Nxd4 Bxd4 18. Be3 e5 19. Bxd4 exd4 20. Qa4 b5 21.
Rxe8+ Rxe8 22. Qxa7 d3 23. Rd1 d2 24. Qa5 Re2 25. Qc3 b4 26. Qxb4 Qe5 27. Rxd2
Re1# 0-1

[Event "Kieler Open 2021"]
[Site "Kiel"]
[Date "2021.07.26"]
[Round "5.24"]
[White "Lambrecht, Niklas"]
[Black "Peglau, Markus"]
[Result "0-1"]
[WhiteElo "1654"]
[BlackElo "1836"]
[Annotator "MB"]
[PlyCount "52"]
[EventDate "2021.??.??"]

1. e4 c6 2. Nf3 d5 3. Nc3 dxe4 4. Nxe4 Nf6 5. Qe2 Nxe4 6. Qxe4 Qd5 7. Qh4 Qe6+
8. Be2 Qg4 9. Qg3 g6 10. Qe5 f6 11. Qg3 Bg7 12. d4 Bf5 13. c3 Qxg3 14. hxg3 Nd7
15. Be3 O-O-O 16. O-O-O Nb6 17. Bd3 Bxd3 18. Rxd3 e5 19. Rdd1 e4 20. Nd2 f5 21.
Bh6 Bf6 22. g4 Rd7 23. Be3 Nd5 24. c4 Nb4 25. a3 Nd3+ 26. Kc2 Bxd4 0-1

[Event "Kieler Open 2021"]
[Site "Kiel"]
[Date "2021.07.26"]
[Round "5.25"]
[White "Bräutigam, Alexander"]
[Black "Kort, Felix"]
[Result "1-0"]
[WhiteElo "1555"]
[BlackElo "1816"]
[Annotator "MB"]
[PlyCount "93"]
[EventDate "2021.??.??"]

1. d4 Nf6 2. c4 e6 3. Nf3 b6 4. Bf4 Bb7 5. e3 Be7 6. Be2 O-O 7. O-O Nh5 8. Bg3
Nxg3 9. hxg3 d6 10. Nc3 f5 11. Qb3 Kh8 12. Rad1 Nd7 13. c5 Rf6 14. cxd6 cxd6
15. Bc4 Rh6 16. Bxe6 Qe8 17. Bf7 Qf8 18. Bd5 Bxd5 19. Nxd5 Bd8 20. Ne1 Qe8 21.
f3 Qh5 22. Kf2 Qh2 23. Nf4 g5 24. Qf7 gxf4 25. Qe8+ Kg7 26. Qxd7+ Kg8 27. exf4
Rg6 28. Qxf5 Qxg3+ 29. Ke2 Kh8 30. Nd3 Bh4 31. Rg1 Re8+ 32. Kd2 Bf6 33. Qd5 Qh2
34. Kc1 Rxg2 35. Rh1 Qg3 36. Rxh7+ Kxh7 37. Qf7+ Bg7 38. Qxe8 Bxd4 39. Qf7+ Kh6
40. Qe6+ Kg7 41. Qxd6 Bf6 42. Qc7+ Kg6 43. Ne5+ Kf5 44. Qh7+ Kxf4 45. Qe4+ Kg5
46. Nf7+ Kh5 47. Qh7# 1-0

[Event "Kieler Open 2021"]
[Site "Kiel"]
[Date "2021.07.26"]
[Round "5.26"]
[White "Maas, Kolja"]
[Black "Ermert, Karl Hans Ragnar"]
[Result "1-0"]
[WhiteElo "1559"]
[BlackElo "1767"]
[Annotator "MB"]
[PlyCount "61"]
[EventDate "2021.??.??"]

1. e4 e6 2. d4 d5 3. e5 c5 4. c3 Nc6 5. Nf3 Bd7 6. Bb5 Nxe5 7. Nxe5 Bxb5 8. a4
Ba6 9. dxc5 Bxc5 10. b4 Qf6 11. Ng4 Bxf2+ 12. Nxf2 Qe5+ 13. Kd2 d4 14. b5 Bxb5
15. axb5 Qe3+ 16. Kc2 Qxf2+ 17. Qd2 d3+ 18. Kd1 Qf5 19. b6 a6 20. Qf4 Qh5+ 21.
g4 Qd5 22. Rf1 e5 23. Qa4+ Kd8 24. Qa2 Qd7 25. Qa4 Qd5 26. Qa2 Qd7 27. Qxf7
Qxg4+ 28. Qf3 Qd7 29. Qf8+ Qe8 30. Qd6+ Qd7 31. Rf8# 1-0

[Event "Kieler Open 2021"]
[Site "Kiel"]
[Date "2021.07.26"]
[Round "5.27"]
[White "Sauer, Tim"]
[Black "Scheid, Lennart"]
[Result "0-1"]
[WhiteElo "1767"]
[BlackElo "1647"]
[Annotator "MB"]
[PlyCount "58"]
[EventDate "2021.??.??"]

1. e4 d5 2. exd5 Qxd5 3. Nc3 Qd8 4. d4 Nf6 5. Nf3 Bg4 6. Be3 e6 7. h3 Bxf3 8.
Qxf3 c6 9. Bd3 Nbd7 10. g4 Bb4 11. O-O O-O 12. g5 Nd5 13. Qe4 g6 14. Bd2 Qa5
15. Qe1 Nxc3 16. bxc3 Be7 17. c4 Qd8 18. f4 Nb6 19. Be3 Rc8 20. Qh4 c5 21. d5
exd5 22. f5 Re8 23. fxg6 fxg6 24. Bxg6 hxg6 25. Qh6 Rc6 26. Rf3 Nxc4 27. Raf1
Rf8 28. Rf4 Nxe3 29. R1f3 Rxf4 0-1

[Event "Kieler Open 2021"]
[Site "Kiel"]
[Date "2021.07.26"]
[Round "5.28"]
[White "Kirchner, Philipp"]
[Black "Rohmann, Volker"]
[Result "0-1"]
[WhiteElo "1519"]
[BlackElo "1766"]
[Annotator "MB"]
[PlyCount "124"]
[EventDate "2021.??.??"]

1. e4 e5 2. Nf3 Nc6 3. Bc4 Bc5 4. c3 Qe7 5. O-O Nf6 6. d4 Bb6 7. d5 Nb8 8. Re1
d6 9. a4 c5 10. h3 Nbd7 11. Nbd2 O-O 12. Nf1 Ne8 13. Ng3 g6 14. Bh6 Ng7 15. Nh2
Bd8 16. Be2 f6 17. h4 Rf7 18. Bxg7 Rxg7 19. h5 Nf8 20. Bg4 Bxg4 21. Nxg4 Rb8
22. hxg6 hxg6 23. Re3 b5 24. a5 a6 25. f3 Rb7 26. Kf2 Rh7 27. Re1 Qg7 28. Rh1
Rf7 29. Qd2 Nd7 30. Rxh7 Qxh7 31. Rh1 Qg7 32. Nh6+ Kf8 33. Nxf7 Kxf7 34. Qh6
Qxh6 35. Rxh6 Kg7 36. Rh1 c4 37. Ne2 Bxa5 38. f4 Bb6+ 39. Kf3 Nc5 40. fxe5 fxe5
41. Rb1 Nb3 42. Kg4 Nd2 43. Ra1 a5 44. Ng3 a4 45. Kg5 Bf2 46. Kg4 Bxg3 47. Kxg3
Nxe4+ 48. Kf3 Nc5 49. Ke3 Nd3 50. Rb1 Nf4 51. Rg1 Nxd5+ 52. Ke4 Nf6+ 53. Kf3 g5
54. g4 d5 55. Rd1 Kf7 56. Rh1 d4 57. cxd4 exd4 58. Rh8 c3 59. bxc3 dxc3 60. Ke2
Nd5 61. Kd3 b4 62. Rh1 b3 0-1

[Event "Kieler Open 2021"]
[Site "Kiel"]
[Date "2021.07.26"]
[Round "5.30"]
[White "Riechenberg, Sebastian"]
[Black "Gut, Raphael"]
[Result "0-1"]
[WhiteElo "985"]
[BlackElo "1736"]
[Annotator "MB"]
[PlyCount "72"]
[EventDate "2021.??.??"]

1. e4 c5 2. Nf3 e6 3. Nc3 a6 4. d4 cxd4 5. Nxd4 Qc7 6. a3 Nf6 7. Be3 b5 8. f3
d6 9. Qd2 Nbd7 10. Nb3 Bb7 11. Rd1 Rc8 12. Bf4 e5 13. Be3 Be7 14. Be2 O-O 15.
O-O Rfd8 16. Rc1 Nf8 17. Nd5 Bxd5 18. exd5 Re8 19. c4 Qd7 20. Rc3 e4 21. f4 Ng6
22. Nd4 bxc4 23. Nc6 Nxd5 24. Qxd5 Qxc6 25. Bxc4 Qxd5 26. Bxd5 Bf6 27. Rxc8
Rxc8 28. Rc1 Re8 29. Rc7 Ne7 30. Bc6 Nxc6 31. Rxc6 d5 32. Rd6 Rd8 33. Rxd8+
Bxd8 34. g4 g6 35. Bd4 f5 36. g5 Bc7 0-1

[Event "Kieler Open 2021"]
[Site "Kiel"]
[Date "2021.07.26"]
[Round "5.31"]
[White "Jarosch, Wolfram"]
[Black "Klein, Edmund"]
[Result "1-0"]
[WhiteElo "1731"]
[BlackElo "1636"]
[Annotator "MB"]
[PlyCount "71"]
[EventDate "2021.??.??"]

1. e4 e6 2. d4 d5 3. Nc3 dxe4 4. Nxe4 Bd7 5. Nf3 Bc6 6. Ned2 Nd7 7. Bd3 Ngf6 8.
O-O Be7 9. Re1 O-O 10. Ne5 Nb8 11. Ndf3 Bxf3 12. Nxf3 c6 13. c3 h6 14. Bd2 c5
15. Rc1 cxd4 16. cxd4 Nc6 17. Bf4 Nd5 18. Be5 Bf6 19. Bb1 Bxe5 20. dxe5 Nf4 21.
Qc2 Ng6 22. h4 f5 23. exf6 Qxf6 24. h5 Nf4 25. a3 Kf7 26. Ba2 Rac8 27. Qe4 Rfe8
28. Rc5 Ne7 29. Re5 Rc6 30. g3 Nfd5 31. Bxd5 exd5 32. Rxd5 Re6 33. Re5 Rxe5 34.
Nxe5+ Kg8 35. Ng6 Qc6 36. Qxe7 1-0

[Event "Kieler Open 2021"]
[Site "Kiel"]
[Date "2021.07.26"]
[Round "5.32"]
[White "Ahrens, Jan"]
[Black "Lu, Yunong Elias"]
[Result "0-1"]
[WhiteElo "1724"]
[BlackElo "1557"]
[Annotator "MB"]
[PlyCount "84"]
[EventDate "2021.??.??"]

1. d4 d5 2. e3 Nf6 3. Bd3 c6 4. Nd2 Bg4 5. Ne2 e6 6. O-O Bd6 7. c3 O-O 8. f4
Bf5 9. Qc2 Bxd3 10. Qxd3 Nbd7 11. Ng3 Qc7 12. Nf3 c5 13. Ne5 c4 14. Qc2 h5 15.
Rf3 h4 16. Nh1 Ne4 17. Nf2 Nxf2 18. Qxf2 Nxe5 19. fxe5 Be7 20. Bd2 f5 21. exf6
Rxf6 22. Rxf6 Bxf6 23. Rf1 Rf8 24. Qf4 e5 25. dxe5 Qxe5 26. Qxe5 Bxe5 27. Rxf8+
Kxf8 28. Kf2 Bxh2 29. Kf3 Ke7 30. e4 Ke6 31. exd5+ Kxd5 32. Be3 a6 33. Kg4 Be5
34. Kf5 b5 35. Bf2 Bf6 36. Kf4 a5 37. a3 a4 38. Kf5 b4 39. axb4 Bxc3 40. b5
Bxb2 41. b6 Kc6 42. Bxh4 a3 0-1

[Event "Kieler Open 2021"]
[Site "Kiel"]
[Date "2021.07.26"]
[Round "5.33"]
[White "Schmidt, Peter"]
[Black "Sturm, Simon"]
[Result "0-1"]
[WhiteElo "1913"]
[BlackElo "1533"]
[Annotator "MB"]
[PlyCount "44"]
[EventDate "2021.??.??"]

1. e4 g6 2. d4 d6 3. Nc3 a6 4. Nf3 b5 5. Bd3 Bb7 6. O-O Nd7 7. Be3 Bg7 8. Qd2
Ngf6 9. a3 c5 10. e5 dxe5 11. dxe5 Nh5 12. e6 fxe6 13. Ng5 Qb6 14. Nxh7 O-O-O
15. Ng5 Ne5 16. b4 Nxd3 17. cxd3 Qc6 18. Nge4 Nf6 19. f3 Nxe4 20. fxe4 Qd6 21.
Bf4 Qxd3 22. Qf2 Bd4 0-1

[Event "Kieler Open 2021"]
[Site "Kiel"]
[Date "2021.07.26"]
[Round "5.34"]
[White "Strätker, Sebastian"]
[Black "Serrer, David"]
[Result "1/2-1/2"]
[WhiteElo "1887"]
[BlackElo "1551"]
[Annotator "MB"]
[PlyCount "56"]
[EventDate "2021.??.??"]

1. c4 c6 2. g3 d5 3. d4 Nf6 4. Bg2 g6 5. Nf3 Bg7 6. O-O dxc4 7. Ne5 Ng4 8. Nf3
b5 9. h3 Nf6 10. a4 Qb6 11. Nc3 a5 12. axb5 cxb5 13. b3 cxb3 14. Qxb3 b4 15.
Na4 Qe6 16. Qc2 O-O 17. Ng5 Qa6 18. Nc5 Qa7 19. Bd2 Nbd7 20. Bxa8 Qxa8 21. Bxb4
Qd5 22. Bd2 Qxd4 23. Be3 Qd5 {Rest nicht zu entziffern.} 24. Rfd1 Qc6 25. Qa4
Qc7 26. Qxa5 Qb8 27. Rdc1 Qb2 28. Qa3 Qb5 1/2-1/2

[Event "Kieler Open 2021"]
[Site "Kiel"]
[Date "2021.07.26"]
[Round "5.35"]
[White "Gibhardt, Peter"]
[Black "Pennekamp, Christoph"]
[Result "1-0"]
[WhiteElo "1754"]
[BlackElo "1541"]
[Annotator "MB"]
[PlyCount "77"]
[EventDate "2021.??.??"]

1. e4 c6 2. d4 d5 3. Nd2 dxe4 4. Nxe4 Bf5 5. Ng3 Bg6 6. Nf3 Nd7 7. h4 h6 8. h5
Bh7 9. Bc4 Ngf6 10. c3 Qc7 11. Qb3 e6 12. O-O Nb6 13. Bxe6 fxe6 14. Qxe6+ Qe7
15. Qb3 Qf7 16. Re1+ Be7 17. Qd1 O-O 18. Ne5 Qd5 19. Nxc6 Qxc6 20. Rxe7 Rae8
21. Rxe8 Rxe8 22. Bf4 Qd5 23. Be5 Nbd7 24. Bxf6 Nxf6 25. Qb3 Bd3 26. Qxd5+ Nxd5
27. Rd1 Bc2 28. Rd2 Re1+ 29. Kh2 Bd1 30. c4 Nf4 31. d5 Bg4 32. Rd4 Bd7 33. Rxf4
Rd1 34. Re4 Kf7 35. Re2 Rd4 36. Ne4 Ke7 37. b3 Bg4 38. f3 Bxh5 39. Ng3+ 1-0

[Event "Kieler Open 2021"]
[Site "Kiel"]
[Date "2021.07.26"]
[Round "5.36"]
[White "von Lossow, Marcus"]
[Black "Lambrecht, Harald"]
[Result "1-0"]
[WhiteElo "1697"]
[BlackElo "1444"]
[Annotator "MB"]
[PlyCount "95"]
[EventDate "2021.??.??"]

1. e4 c5 2. Nf3 d6 3. d4 cxd4 4. Nxd4 Nf6 5. Nc3 a6 6. Be3 e5 7. Nb3 Be6 8. f3
Be7 9. Qd2 O-O 10. Rd1 Qc7 11. Bg5 Rd8 12. Be2 Nc6 13. O-O Bxb3 14. axb3 b5 15.
Ra1 Nd4 16. Bd3 Ne6 17. Bxf6 Bxf6 18. Nd5 Qa7+ 19. Kh1 Bg5 20. Qd1 Qb7 21. Qe1
Nf4 22. Nxf4 exf4 23. Ra5 Qb6 24. Qa1 Bf6 25. Bxb5 Bxb2 26. Rxa6 Bxa1 27. Rxb6
Bd4 28. Rb7 Ra7 29. Rxa7 Bxa7 30. Rd1 Bc5 31. Bc4 Kf8 32. e5 Ke7 33. exd6+ Rxd6
34. Rxd6 Bxd6 35. Kg1 f6 36. Kf1 Bb4 37. Ke2 Kd6 38. Kd3 Ke5 39. Bg8 h6 40. Bh7
g5 41. Bg6 Bc5 42. Kc4 Kd6 43. b4 Bb6 44. Kb5 Bd4 45. c4 Be3 46. c5+ Kc7 47.
Kc4 Bd2 48. b5 1-0

[Event "Kieler Open 2021"]
[Site "Kiel"]
[Date "2021.07.26"]
[Round "5.37"]
[White "Zielke, Bernd"]
[Black "Wartenberg, Julian"]
[Result "0-1"]
[WhiteElo "1647"]
[BlackElo "1408"]
[Annotator "MB"]
[PlyCount "128"]
[EventDate "2021.??.??"]

1. b4 e5 2. Bb2 Bxb4 3. Bxe5 Nf6 4. Nf3 O-O 5. e3 d5 6. Be2 Nbd7 7. Bb2 Re8 8.
O-O Bd6 9. c4 c5 10. cxd5 Nxd5 11. a3 a6 12. d4 N5f6 13. Nbd2 b5 14. dxc5 Bxc5
15. Nb3 Bb6 16. Qd2 Bb7 17. Rfd1 Qe7 18. Qd6 Rad8 19. Qxe7 Rxe7 20. Rac1 Ree8
21. Nfd4 Kf8 22. Nf5 Re6 23. Nbd4 Bxd4 24. Bxd4 Rc8 25. Rxc8+ Bxc8 26. Rc1 Bb7
27. Rc7 Be4 28. Ng3 Rc6 29. Rxc6 Bxc6 30. Nf5 h6 31. f3 Bd5 32. e4 Be6 33. Ne3
g6 34. Kf2 Ne8 35. Nc2 Nc7 36. Nb4 Ke8 37. Nc6 Bb3 38. Be3 g5 39. Bd4 f6 40.
Ke3 Kf7 41. g3 Ke6 42. f4 Kd6 43. Na5 Bc2 44. Bd3 Bxd3 45. Kxd3 Nc5+ 46. Ke3
Nd7 47. Nb3 Ke6 48. Kd3 Kd6 49. Kc3 Ne6 50. Be3 Nec5 51. Nd2 Ne6 52. a4 bxa4
53. Kb4 Nec5 54. Nc4+ Kc6 55. Nb2 Nxe4 56. Nxa4 g4 57. Kc4 f5 58. Kb4 h5 59.
Kc4 Ndf6 60. Nc3 Nxc3 61. Kxc3 Nd5+ 62. Kd3 Nxe3 63. Kxe3 Kd5 64. Kd3 a5 0-1